Statystyki dla Największe aglomeracje w Rosji

Kliknij tutaj aby rozwiązać quiz!

Ogólne statystyki

  • Ten quiz został rozwiązany 113 razy
  • Średni wynik to 10 z 20

Statystyki odpowiedzi

MiejsceMieszkańcyNazwa% Poprawnych
1.17 316 000Aglomeracja Moskiewska
100%
2.6 230 000Aglomeracja Sanktpetersburska
98%
10.1 517 000Aglomeracja Wołgogradzka
70%
8.1 560 000Aglomeracja Kazańska
68%
5.2 096 000Aglomeracja Rostowska
60%
7.2 050 000Aglomeracja Nowosybirska
58%
20.1 081 000Aglomeracja Irkucka
52%
14.1 235 000Aglomeracja Ufijska
52%
4.2 097 000Aglomeracja Niżnonowogrodzka
51%
3.2 300 000Aglomeracja Samarsko-Togliacka
49%
6.2 054 000Aglomeracja Jekaterynburska
48%
17.1 144 000Aglomeracja Permska
46%
13.1 261 000Aglomeracja Omska
44%
12.1 344 000Aglomeracja Krasnodarska
39%
9.1 535 000Aglomeracja Czelabińska
37%
16.1 155 000Aglomeracja Krasnojarska
33%
11.1 360 000Aglomeracja Woroneska
32%
19.1 117 000Aglomeracja Saratowska
25%
15.1 206 000Aglomeracja Nowokuźniecka
5%
18.1 125 000Aglomeracja Nabierieżnyjeczełyńska
1%

Rozkład punktacji

Percentyl według liczby udzielonych odpowiedzi

Procent ludzi z każdym wynikiem

Twoja historia wyników

Nie rozwiązałeś tego quizu